Tulip in the desert : (Record no. 234628)

000 -LEADER
fixed length control field 00909cam a2200241 a 4500
001 - CONTROL NUMBER
control field 11996820
003 - CONTROL NUMBER IDENTIFIER
control field Nust
005 - DATE AND TIME OF LATEST TRANSACTION
control field 20170328122005.0
008 - FIXED-LENGTH DATA ELEMENTS--GENERAL INFORMATION
fixed length control field 000504s2000 enk b 000 0 eng
010 ## - LIBRARY OF CONGRESS CONTROL NUMBER
LC control number 00361191
020 ## - INTERNATIONAL STANDARD BOOK NUMBER
International Standard Book Number 9789694163895 (pbk.)
040 ## - CATALOGING SOURCE
Original cataloging agency DLC
Transcribing agency DLC
041 0# - LANGUAGE CODE
Language code of text/sound track or separate title eng
Language code of original urd
050 00 - LIBRARY OF CONGRESS CALL NUMBER
Classification number PK2199.I65
Item number T85 2000b
082 ## - DEWEY DECIMAL CLASSIFICATION NUMBER
Classification number 891.4398
Author Mark IQB
100 1# - MAIN ENTRY--PERSONAL NAME
Personal name Iqbal, Muhammad,
Titles and words associated with a name Sir,
Dates associated with a name 1877-1938.
245 10 - TITLE STATEMENT
Title Tulip in the desert :
Remainder of title a selection of the poetry of Muhammad Iqbal /
Statement of responsibility, etc. edited and translated, with commentary and notes, by Mustansir Mir .
260 ## - PUBLICATION, DISTRIBUTION, ETC.
Place of publication, distribution, etc. London :
Name of publisher, distributor, etc. Hurst & Company,
Date of publication, distribution, etc. 2000.
300 ## - PHYSICAL DESCRIPTION
Extent xiii, 195 p. ;
Dimensions 22 cm.
504 ## - BIBLIOGRAPHY, ETC. NOTE
Bibliography, etc. note Includes bibliographical references (p. 158).
700 1# - ADDED ENTRY--PERSONAL NAME
Personal name Mir, Mustansir,
Dates associated with a name 1949-
906 ## - LOCAL DATA ELEMENT F, LDF (RLIN)
a 7
b cbc
c orignew
d 3
e ncip
f 20
g y-gencatlg
942 ## - ADDED ENTRY ELEMENTS (KOHA)
Source of classification or shelving scheme
Koha item type Book
Holdings
Withdrawn status Lost status Source of classification or shelving scheme Damaged status Not for loan Collection code Permanent Location Current Location Shelving location Date acquired Total Checkouts Full call number Barcode Date last seen Copy number Price effective from Koha item type
            Central Library (CL) Central Library (CL) Fiction 03/28/2017   891.4398 IQB CL2131 12/12/2019 1 03/28/2017 Book
© 2023 Central Library, National University of Sciences and Technology. All Rights Reserved.